UBT Library

EVOLUTIONARY BIOLOGY (Record no. 60676)

000 -LEADER
fixed length control field 00355nam a22001457a 4500
008 - FIXED-LENGTH DATA ELEMENTS--GENERAL INFORMATION
fixed length control field 250422b ||||| |||| 00| 0 eng d
020 ## - INTERNATIONAL STANDARD BOOK NUMBER
International Standard Book Number 0878931880
041 ## - LANGUAGE CODE
Language code of text/sound track or separate title eng
080 ## - UNIVERSAL DECIMAL CLASSIFICATION NUMBER
Edition identifier 1986 SECOND EDITION
Universal Decimal Classification number 573FUT
082 ## - DEWEY DECIMAL CLASSIFICATION NUMBER
Edition number 573FUT
Classification number 573FUT
100 ## - Rafti
Rafti 15
101 ## - Shkurtesa
Shkurtesa BIOLOGJI
245 ## - TITLE STATEMENT
Title EVOLUTIONARY BIOLOGY
Statement of responsibility, etc DOUGLAS J.FUTUYMA
942 ## - ADDED ENTRY ELEMENTS (KOHA)
Source of classification or shelving scheme
Item type Books
Holdings
Withdrawn status Lost status Source of classification or shelving scheme Damaged status Not for loan Collection code Permanent location Current location Date acquired Total Checkouts Full call number Barcode Date last seen Price effective from Koha item type
          Koleksioni i përgjithshem UBT - Lipjan UBT - Lipjan 04/22/2025   573FUT 002-800070999137 04/22/2025 04/22/2025 Books
UBT Library © 2015-2024. All rights reserved University Education for Business and Technology